[Event "RUS-ch sf 58th"]
[Site "Kazan"]
[Date "2005.09.09"]
[Round "7"]
[White "Khalifman, Alexander"]
[Black "Inarkiev, Ernesto"]
[Result "1-0"]
[WhiteElo "2653"]
[BlackElo "2618"]
[Annotator "Ftacnik,L"]
[PlyCount "73"]
[EventDate "2005.09.03"]
[EventType "swiss"]
[EventRounds "9"]
[EventCountry "RUS"]
[SourceTitle "CBM 109"]
[Source "ChessBase"]
[SourceDate "2005.11.14"]
[SourceVersion "1"]
[SourceVersionDate "2005.11.14"]
[SourceQuality "1"]

1. e4 c5 2. Nf3 d6 3. d4 cxd4 4. Nxd4 Nf6 5. Nc3 a6 6. Be2 e6 7. O-O Be7 8. f4
O-O 9. a4 Nc6 10. Be3 Qc7 11. Kh1 Re8 12. Bd3 Bf8 13. Qf3 Nxd4 $6 {Inarkiev
strives for a simplistic solution of the central problems, it will not combine
well with the move 12...Bf8.} (13... Bd7 14. Qg3 Kh8 15. Nf3 g6 16. Qh4 Bg7 17.
e5 Ng8 18. exd6 Qb8 19. Ng5 Nh6 20. Nce4 {1-0 Nikolenko,O (2485)-Radzhabov,S 
(2305)/Moscow 1996/ (26)}) (13... Nb4 $5 14. Qg3 Nd7 15. a5 g6 16. f5 Bg7 17.
fxe6 fxe6 18. Nf3 Nc6 19. Na4 Nde5 20. Nb6 Rb8 21. Nxe5 Nxe5 {0-1 Pavlovic,M 
(2560)-Vasquez,R (2481)/Linares 2003/ (46)}) (13... e5 14. Nxc6 bxc6 15. fxe5
dxe5 16. Qg3 Kh8 17. Bg5 Ng8 18. Rf3 Be6 19. Raf1 f6 20. Bd2 {1-0 Ionica,I 
(2240)-Vasiesiu,C (2171)/Brasov 2004/ (45)}) 14. Bxd4 e5 (14... Nd7 15. a5 Rb8
16. e5 $16) 15. Bg1 $1 exf4 (15... Be6 16. a5 exf4 17. Qxf4 (17. Nd5 Bxd5 18.
exd5 g5 19. Bd4 Qe7 20. c3 Bg7 21. g3 h5 22. gxf4 g4 23. Qg2 Nd7 $14) 17... Qc6
18. Rad1 Rac8 19. Bd4 Nd7 20. Nd5 $16) 16. Bd4 Qe7 (16... Ng4 17. Nd5 Qc6 18.
Qxf4 Be6 19. Qg3 $16) (16... Be7 17. Qxf4 Be6 18. Nd5 Bxd5 19. exd5 Qd7 20. c4
$16) 17. Qxf4 Be6 (17... Nd7 18. Nd5 Qd8 19. Nc7 $1 $18) 18. Nd5 $1 {Khalifman
occupies the center with pieces rather than grabbing the pawn and hoping for
the success in the position with opposite couloured bishops.} (18. Bxf6 Qxf6
19. Qxf6 gxf6 20. Nd5 Bxd5 21. exd5 Re5 22. Rxf6 Rd8 23. Raf1 $16) 18... Bxd5 (
18... Nxd5 19. exd5 Bxd5 20. Qf5 (20. Bxh7+ Kxh7 21. Qf5+ Kg8 22. Qxd5 Rac8 23.
c3 Rc7 $14) 20... Be4 21. Bxe4 Qxe4 22. Qxf7+ Kh8 23. c3 Qe7 24. Qd5 $16) 19.
exd5 Nh5 (19... Nd7 20. a5 Ne5 21. Bxe5 dxe5 22. Qe4 g6 23. d6 Qxd6 24. Bc4 Re7
25. Bxf7+ Kg7 26. Bd5 $16) 20. Qf2 g6 (20... Qd7 21. a5 g6 22. g4 Ng7 23. Qf6
$16) 21. g4 $1 Ng7 22. Qf4 Qc7 {[%mdl 128] Black eneded up in safe, but very
passive position. His pieces have no counterplay and he can only wait for
white to multiply the pressure.} (22... h5 23. Qh6 hxg4 24. Kg1 (24. Rxf7 Qxf7
25. Bxg6 Qf3+ 26. Kg1 Qh3 $19) 24... Qc7 25. Rxf7 $1 Kxf7 (25... Qxf7 26. Bxg6
$18) 26. Qxg6+ Ke7 27. Bf6+ Kd7 28. Bf5+ Ne6 29. dxe6+ Kc6 30. Ra3 $18) 23. Rf3
Re7 24. Raf1 Rae8 (24... f5 25. gxf5 $18) 25. c4 Qd7 (25... Qa5 26. Qxd6 Qxa4
27. Qf6 Qd7 28. g5 Re1 29. b4 $18) 26. b3 Qc8 (26... h5 27. Bxg7 Bxg7 28. gxh5
gxh5 29. Rg3 $18) 27. h3 Qd7 28. Kg2 Qc7 29. R1f2 Rd7 30. h4 h5 {Inarkiev
rightly felt, that he can not wait for opening of the h file as white's attack
would quickly become decisive.} (30... Rde7 31. h5 $1 Rc8 32. hxg6 hxg6 (32...
fxg6 $2 33. Qxf8+ Rxf8 34. Rxf8#) 33. Qh6 Qd7 34. Rh3 Qxg4+ 35. Kh2 f5 36. Rh4
$18 Qd1 37. Qh7+ Kf7 38. Bxg7 Bxg7 39. Bxf5 $18) 31. Qh6 hxg4 32. Rxf7 $1 Rxf7
33. Bxg6 Rxf2+ 34. Kg1 (34. Bxf2 $2 Nf5 $1) 34... Rf1+ 35. Kxf1 Qf7+ 36. Bxf7+
Kxf7 37. h5 $1 1-0

[Event "FIDE World Cup"]
[Site "Khanty-Mansiysk"]
[Date "2005.11.27"]
[Round "1.1"]
[White "Inarkiev, Ernesto"]
[Black "Khalifman, Alexander"]
[Result "1/2-1/2"]
[WhiteElo "2577"]
[BlackElo "2653"]
[Annotator "Ribli,Z"]
[PlyCount "112"]
[EventDate "2005.11.27"]
[EventType "k.o."]
[EventRounds "7"]
[EventCountry "RUS"]
[SourceTitle "CBM 111"]
[Source "ChessBase"]
[SourceDate "2006.04.04"]
[SourceVersion "1"]
[SourceVersionDate "2006.04.04"]
[SourceQuality "1"]

1. e4 c5 2. Nf3 Nc6 3. d4 cxd4 4. Nxd4 e6 5. Nc3 Qc7 6. Be3 Nf6 {Dieser Zug
wird selten gespielt; die übliche Fortsetzung ist 6...a6. Mit der
Partiefortsetzung möchte Schwarz in einigen Varianten das Tempo a7-a6 sparen.}
7. f4 (7. Ndb5 Qb8 8. f4) (7. Qd2 Bb4 8. f3) 7... Bb4 (7... Nxd4 $5 8. Qxd4 (8.
Bxd4 Qxf4) 8... Ng4 $5) 8. Ndb5 Qa5 9. e5 (9. Bd2 a6 10. e5 axb5 11. exf6 Bxc3
12. bxc3 gxf6 $1 13. Qg4 b4 14. Qg7 Rf8 15. Qxf6 bxc3 16. Bxc3 $5 Qc5 17. Bd3
b6 18. Bxh7 Ra4 (18... Ba6 $5) 19. O-O-O Nb4 $1 {0-1 Ponomariov,R-Pelletier,Y/
Biel 2004/(40)}) 9... Ne4 (9... a6 10. Nd6+ Bxd6 11. Qxd6 Ne4 12. Qd3 Nxc3 13.
Qxc3 Qxc3+ 14. bxc3 f6 15. exf6 gxf6 16. c4 {1/2-1/2 Karjakin,S-Volokitin,A/
Merida 2005/(53)}) 10. Qd3 Nxc3 (10... f5 11. exf6 Nxf6 12. Be2 O-O 13. O-O d5
14. a3 Be7 15. Bf3 Kh8 16. b4 Qd8 17. Nd4 {1-0 Shmuter,L-Saltaev,M/Volgograd
1994/CBM 41 (52)}) 11. bxc3 $5 {Nach 11.bxc3!? oder 11.Nxc3 Bxc3+ 12.bxc3 hat
Weiß zwar einen Doppelbauern auf der c-Linie, aber der Textzug gewinnt Zeit.} (
11. Nxc3 Bxc3+ 12. bxc3 b6 13. Be2 Bb7 14. O-O Ne7 15. c4 Nf5 16. Bf2 h5 {
1/2-1/2 Womacka,M-Akesson,R/Bad Wiessee GER 2005 (54)}) 11... Be7 12. g3 {
[%mdl 4] Früher spielte Weiß in dieser Stellung 12.g4, die Partiefortsetzung
erscheint mir logischer.} (12. g4 O-O 13. g5 b6 14. Rg1 Ba6 15. Bd2 Qa4 16. Qc4
Qxc4 17. Bxc4 Na5 18. Bd3 Bxb5 19. Bxb5 d5 20. Bd3 g6 21. Rg3 Rfc8 {0-1
Brajovic,R-Vajda,A/Bucharest 1998/EXT 2000 (51)}) (12. Be2) 12... a6 (12... O-O
13. Bg2 f6) 13. Nd6+ Bxd6 14. exd6 $14 {[%csl Gd6] Der Bauer auf d6
paralysiert die schwarze Stellung, denn er verhindert die Weiterentwicklung
der schwarzen Stellung.} b5 {[%cal Gc8b7,Gb7h1]} 15. Bg2 Bb7 16. O-O Qa4 (16...
O-O $2 17. a4 $1 bxa4 18. Rfb1 Rab8 19. Bb6 Qh5 20. Bf3 Qh3 21. Bc7 $18) 17.
Bb6 {[%csl Gb6]} (17. Qe4 Qxe4 18. Bxe4 Na5) 17... O-O 18. Rfb1 (18. Rfe1 Na5)
18... Rac8 (18... Na5 19. a3 Bxg2 20. Rb4 $18) 19. a3 {[%csl Ra4] Das weiße
Spiel richtet sich gegen die schwarze Dame.} e5 (19... f5 20. Ra2 $1 (20. Bxc6
Bxc6 21. Rb4 Be4)) 20. Re1 {Weiß besitzt jetzt neue Drohung mit 21.Re4 eine
neue Drohung, aber ich glaube 21.Bxc6 und 21.Rb4 sind stärker.} (20. Bxc6 $1
Rxc6 21. Rb4 {[%csl Ra4]} Rxd6 22. Qe2 (22. Qxd6 Qxc2 {[%cal Rc2g2,Rg2g1]} 23.
Bf2 Qxc3 {[%csl Rg1][%cal Rc3a1,Rc3f3,Rf3h1]}) 22... Rxb6 23. Rxa4 bxa4 24.
Qxe5 $16) 20... exf4 21. Re4 {[%csl Ra4][%cal Re4a4]} b4 22. gxf4 (22. Rxf4 a5
(22... Ne5 23. Rxb4 Nxd3 24. Rxa4 Nb2 25. Rb4 Bxg2 26. Rxb2) 23. cxb4 axb4 24.
Be4) 22... a5 23. f5 {[%cal Ge4g4,Gg4g8]} (23. cxb4 $5) 23... Ne5 $2 (23... Nd8
$5 24. Rg4 Bxg2 25. Bd4 f6 26. Rxg2 bxc3 27. Bxc3) (23... Nb8) 24. Rxe5 Bxg2
25. Rxa5 (25. Kxg2 Qc6+ 26. Re4 Rce8 27. Rae1 Rxe4 28. Rxe4 Qxb6 29. cxb4 axb4
30. axb4 $16) 25... Qc6 26. Bd4 Be4 27. Qg3 f6 28. axb4 $16 {Weiß besitzt zwei
Mehrbauern und gute Gewinnchancen.} Qc4 (28... Bxc2 $2 29. Re1 {[%cal Re1e7,
Re7g7]} Be4 30. Rc5 Qb7 31. Rxc8 Rxc8 32. Bxf6 $18) 29. Re1 Rce8 30. Qf2 (30.
Re3 $16) 30... Ba8 31. Re7 Qc6 $132 {[%cal Ra8h1,Rh1g1]} 32. Qg3 Rxe7 33. dxe7
Re8 {[#]} 34. Ra1 $5 {[%cal Ga1e1,Ge1e7][%mdl 64] Die weiße Drohung ist
einfach 35.Re1, aber mit dem Textzug opfert Weiß seinen Turm.} (34. c4 Qh1+ 35.
Kf2 Qe4 (35... Rxe7 36. Qb8+ Kf7 37. Rxa8 Qe1+ 38. Kf3 Qe2+ 39. Kg3 Re3+ 40.
Bxe3 Qxe3+ 41. Kg2 Qe2+ 42. Kh3 Qf3+ 43. Qg3 Qxa8 44. c5 $18)) 34... Qh1+ 35.
Kf2 Qxa1 36. Bxf6 g6 (36... Rxe7 37. Bxe7 Kf7 38. Bc5) 37. fxg6 h6 (37... h5)
38. Qf4 Qa6 (38... Qd1 39. Qxh6 Qxc2+ 40. Ke1 Qe4+ $11) 39. h4 $1 (39. g7 Qa2
40. Qxh6 (40. Qf5 Qf7) 40... Qxc2+ 41. Ke1 Qh7) 39... h5 40. Ke1 {[%cal Rf4h6]
Jetzt ist die weiße Drohung 41.Qh6.} Qe6+ (40... Rxe7+ 41. Bxe7 Qe6+) 41. Kd2
Rxe7 $1 42. Bxe7 Qxe7 43. Qb8+ (43. Qh6 Bf3 44. Kc1 Qg7 45. Qf4 Bg4) 43... Qf8
44. Qxf8+ Kxf8 45. Ke3 Kg7 46. Kd4 d6 $5 {Auf diese Weise verhindert Schwarz
die Eindringung des weißen Königs, auch wenn er die Partie nicht mehr für sich
entscheiden kann.} (46... Kxg6 47. Ke5 Kf7 48. Kd6 Ke8 49. Kc7 Be4 50. b5 Bxc2
51. b6 Be4 52. c4 Ke7 53. c5 Ke6 54. b7 Bxb7 55. Kxb7 Kd5 56. Kc7 Kxc5 57. Kxd7
Kd5 58. Ke7 Ke5 59. Kd7 (59. Kf7 Kf5 $19) 59... Kf4 60. Ke6 Kg4 61. Ke5 Kxh4
62. Kf4 $11) 47. c4 Kxg6 48. c5 $1 dxc5+ 49. Kxc5 Kf5 50. Kb6 Kg4 51. c4 Kxh4
52. c5 Kg5 53. b5 Be4 (53... h4 54. c6 h3 55. c7 h2 56. c8=Q h1=Q) 54. c6 h4
55. c7 Bf5 56. Ka7 h3 (56... h3 57. b6 h2 58. b7 h1=Q) 1/2-1/2

[Event "FIDE World Cup"]
[Site "Khanty-Mansiysk"]
[Date "2005.11.29"]
[Round "1.3"]
[White "Khalifman, Alexander"]
[Black "Inarkiev, Ernesto"]
[Result "1/2-1/2"]
[WhiteElo "2653"]
[BlackElo "2577"]
[Annotator "Mikhalevski,V"]
[PlyCount "123"]
[EventDate "2005.11.27"]
[EventType "k.o."]
[EventRounds "7"]
[EventCountry "RUS"]
[SourceTitle "CBM 111"]
[Source "ChessBase"]
[SourceDate "2006.04.04"]
[SourceVersion "1"]
[SourceVersionDate "2006.04.04"]
[SourceQuality "1"]

1. Nf3 Nf6 2. c4 g6 3. Nc3 Bg7 4. e4 d6 5. d4 O-O 6. Be2 e5 7. O-O Nc6 8. d5
Ne7 9. Ne1 {The old main line of the Classical system.} Nd7 10. Be3 f5 11. f3
f4 12. Bf2 g5 13. Rc1 {When you play this system one thing you know for sure:
Black is going to attack on the kingside preparing g4, while White will create
threats on the other side of the board. White's plan definetly includes the
program c5 and that's the point of the last move. White is going to sacrifice
a pawn in order to open the c-file.} ({The main line is} 13. a4 {See for
example Nielsen,P-Kotronias,V, Hastings 0304/CBM 99[Avrukh]}) 13... a6 {
A very rare move in this position, which was introduced by GM Gofshtein in
1999. See below. Though it's not recommended to play on the side where you're
worse, sometimes these moves are justified. In this concrete position the
point of 13...a6 is to prevent 16.Nb5, which is a typical follow up of a pawn
sacrifice 14.c5 Nxc5 15.b4 Na6. In any case the b5-square is important for the
white knight so taking it away makes some sense. The main drawbacks of this
idea is weakening of the b6-square and waste of a tempo.} ({More popular are} 
13... Rf6 {[%cal Gf6h6] transferring the rook to h6. Vera,R-Nataf,I, Montreal
4th 2003/ CBM97[Avrukh].}) (13... Nf6) ({and} 13... Ng6) 14. Nd3 {[%cal Gc4c5]
The most logical. White prepares c5 and frees the first rank.} ({White also
tested two other ways to prepare c5.} 14. Na4 $5 {[%cal Gc4c5] White is going
to exploit weakness of the b6-square.} Rf6 15. c5 Rh6 16. Qb3 b5 17. cxb6 cxb6
18. Nxb6 Rb8 19. Nxc8 Rxb3 20. Nxe7+ Qxe7 21. axb3 Nc5 22. b4 Nb3 23. Rc8+ Bf8
24. Nc2 $16 {with a clear advantage for White in Iotov,V-Dochev,D/Sofia BUL
2004.}) (14. b4 {This way White is preparing c5 and leaves the knight on e1
for defense on the kingside.} Rf6 15. c5 Rh6 16. g4 fxg3 17. hxg3 Qe8 18. g4
Ng6 19. Ng2 Rh3 20. cxd6 cxd6 21. Ne3 {[%cal Ge3f5]} h5 {[%csl Rg1] Krivoshey,
S-Gofshtein,L/Rowy 1999. and arose a position with mutual chances.}) 14... b6 {
[%csl Gc5] This is already a novelty of Inarkiev, who introduced it in the
previous(second) game of his match vs Khalifman. Black makes this move not to
open more files by means of bxc5, but to cover the weak b6-square.} ({Earlier
Black played only} 14... Rf6 {bringing the rook to h6.} 15. c5 Rh6 16. c6 $5 {
This is also one of the reasons to play b6. If the b-pawn was on b6 Black
would simply move the knight. Now he has to open up the position on the
queenside.} (16. Na4 $5 {This led to big complications after} Qe8 17. g4 fxg3
18. Bxg3 {A necessity.} ({White would definetely prefer to take the other way,
but this time it leads to the immediate mate.} 18. hxg3 $4 Qh5 $19) 18... Ng6
19. Kh1 Nf4 20. Rg1 Nf6 21. cxd6 b5 22. Rxc7 $36 {Lastin,A-Kobylkin,E/Voronezh
RUS 2005. and White obtained dangerous initiative.}) (16. cxd6 cxd6 17. a4 Kh8
18. Qb3 Qe8 {[%cal Ge8h5]} 19. Kh1 Nf6 {[%cal Gg5g4]} 20. g4 fxg3 21. Bxg3 Ng6
22. Rg1 Nf4 23. Bxf4 gxf4 $36 {Van Elst,A-Hebden,M/St Affrique FRA 2003. and
Black obtained initiative on the kingside.}) 16... bxc6 17. dxc6 Nxc6 18. Nxf4
$1 {[%csl Rc6,Rg8][%cal Gd1d5]} Nd4 (18... exf4 19. Qd5+ Kh8 20. Qxc6 Rb8 21.
Na4 $1 $14 {and White is better as Black has to protect his weaknesses on the
queenside instead of attacking on the kingside.}) 19. Nfd5 (19. Bc4+ $5 Kh8 20.
Nfe2 $14) 19... Nf8 20. Bc4 Kh8 21. Ne2 $1 $14 {Bluvshtein,M-Inarkiev,E/Moscow
RUS 2004.}) 15. b4 {[%cal Gc4c5] Otherwise Black would make c5 more difficult
by means of a5.} Rf6 {[%cal Gf6h6,Gd8e8,Ge8h5] A typical manoeuvre in this
system. The rook comes to h6 and then the queen is transferred from e8 to h5.
If White allows it then he has to play h3 which is dangerous in view of the
sacrifice of the light-squared bishop. So usually White prevents Black's play
by means of g4.} ({Opening up the lines on the queenside should be in White's
favour. For instance} 15... a5 $6 16. c5 (16. a3 $5) 16... axb4 17. cxd6 $1
bxc3 18. dxe7 Qxe7 19. Rxc3 Rxa2 20. Rxc7 $16 {with a clear positional
advantage for White.}) 16. c5 Rh6 17. cxd6 {White creates an object of attack
on d6 and opens up the c-file. It would be preferable to retain tension as
this exchange unties Black's hands, but there was a concrete problem. See 17.
g4.} ({Another interesting, although a bit risky option would be to play h3
and then to protect the pawn by means of Bf1. So} 17. Qa4 Qe8 18. h3 Rb8 (18...
b5 {is interesting trying to win a tempo. Then} 19. Qa5 $1 (19. Nxb5 {looks
very risky in view of} Nf6 20. c6 (20. Nc3 Qh5 21. h4 gxh4 {is also dangerous
for White.}) 20... Bxh3 $1 21. Nxc7 ({or} 21. gxh3 axb5 22. Qxb5 Qc8 $1 {
with a very strong attack.}) 21... Qh5 22. gxh3 (22. Nxa8 Bxg2 $1 $19) 22...
Qxh3 $19) 19... Nf6 20. Qxc7 Bxh3 21. gxh3 Qh5 22. h4 {and White should be
able to protect his king.} ({or} 22. Qxe7 Re8 (22... Qxh3 23. Qe6+) 23. Qxe8+
Nxe8 24. h4 Rg6 25. Rfd1 gxh4+ 26. Kf1 h3 27. Ke1 {running away.})) 19. cxd6
cxd6 20. Rc2 Qh5 21. Rfc1 Nf6 22. Bf1 g4 $1 23. fxg4 Bxg4 24. Qxa6 f3 $132 {
[%csl Rg1] with a very complicated position.}) (17. g4 $5 fxg3 18. hxg3 Qe8 19.
g4 {Probably Khalifman wanted to avoid this move and so he exchanged the pawns
on d6. Nevertheless this idea looks playable.} ({Now in case of} 19. Kg2 {
Black plays} dxc5 20. bxc5 Nxc5 $1 {[%csl Rf1,Rg2][%cal Gc8h3] with the idea
of Bh3+.})) ({In the second game of their match Kahlifman played} 17. Na4 {
, sacrificed a piece and...eventually had to fight for a draw. Though, frankly
speaking, he obtained compensation for a piece.} Qe8 {[%cal Ge8h5]} 18. Kh1 {
[%cal Gf2g1]} Rb8 19. cxd6 cxd6 20. Rc7 b5 21. Nac5 (21. Nab2 $5) 21... dxc5
22. bxc5 Rb7 $1 23. Rxb7 Bxb7 24. a4 $1 Kh8 25. axb5 axb5 26. c6 Bxc6 27. dxc6
Nxc6 28. Qb3 $44 {1/2-1/2 Khalifman,A-Inarkiev,E/Khanty Mansyisk RUS 2005/ (49)
}) 17... cxd6 18. g4 $5 {[%csl Gh5] Khalifman plays it safe. He nips the idea
of Qe8-h5 in the bud.} fxg3 {Otherwise Black is just worse without counterplay.
} 19. hxg3 (19. Bxg3 {has to be played only when there is no choice. Certainly
now there was no reason to weaken the f4-square and the h-pawn.}) 19... Ng6 ({
Now} 19... Qe8 {can be met by} 20. Kg2 {with the idea} Qh5 21. Rh1) 20. Kg2 Nf6
21. Rh1 Rxh1 22. Qxh1 {White successfully stoped Black's attack on the
kindside, but also his threats on the queenside are far from being decisive.}
Bd7 23. b5 {[%cal Gd3b4,Gb4c6] An interesting idea to start an offensive on
the queenside. The b4-square is freed for the manoeuvre of a knight to c6.
However the game shows that he had to think of his own king.} (23. Kf1 $5 {
trying to bring the king to a safer place.}) 23... axb5 24. Nb4 g4 $1 {[%csl
Rg2] Black creates counterplay on the kingside and thus prevents the
light-squared bishop from playing on the queenside.} 25. Nc6 Qf8 ({Exchange on
c6 is definetly in White's favour.} 25... Bxc6 $2 26. dxc6 $14 {White gets a
strong passed pawn on c6 and control over the light squares.}) 26. Rc2 $1 {
Prophylaxis. White covers the a2-pawn.} h5 $1 {Maintaining tension on the
kingside and preparing to open up the position of the white king by means of
h4.} 27. Qd1 $1 {[%csl Rg4] Protecting the f3-square White is getting ready
for attack by means of h4.} Bh6 {Black activates the bishop, but wastes a
tempo. This is one of these situation when it's not easy to decide what is
more important: a tempo in attack or improving the position of a piece.} ({
The immediate} 27... h4 $5 {deserved attention.}) 28. Nxb5 h4 $1 {[%csl Rf4]
[%cal Gg6f4] Opening up the position of the white king and trying to get
access to the f4-square.} 29. Nc7 $2 {A move in a wrong direction.} ({It seems
that White could take a chance and win a pawn.} 29. gxh4 $5 Nf4+ 30. Kh1 {
though Black's attack shouldn't be underestimated.}) 29... hxg3 $1 {[%csl Rf4]
[%cal Gg6f4] First of all Black is interested in the f4-square.} 30. Bxg3 Ra3
$1 $17 {[%csl Rf3][%cal Ga3f3] An unpleasant surprise. Suddenly the rook comes
into attack. Now it's getting clear that White went wrong at some point. The
initiative is on the Black's side.} 31. Ne6 $5 {Black's light-squared bishop
is very dangerous and so White is trying to close it.} ({In case of} 31. Nb5
Re3 $1 {[%csl Re4] is very strong.}) 31... Qf7 $5 ({Probably even better would
be} 31... Bxe6 $1 32. dxe6 Bf4 33. e7 Qh6 {[%csl Rg2][%cal Gh6h3] and Black's
attack is more than dangerous.}) 32. Qh1 $2 {loses on the spot.} (32. Bf2 {
is Fritz's proposal, but White's position is already difficult anyway.}) 32...
gxf3+ 33. Bxf3 Nxd5 $19 {[%csl Rf3][%cal Gd5e3] White loses at least a piece.}
34. Rf2 Bxc6 {Doesn't miss a win yet.} ({The simplest way to a win was} 34...
Ne3+ 35. Kg1 Qxe6 36. Qxh6 ({Doesn't help} 36. Nd8 Qc4 $1 {with the idea} 37.
Qxh6 Qc1+ 38. Kh2 Ng4+ {[%csl Rh2,Rh6][%cal Gc1h6]} 39. Bxg4 Qxh6+ $19 {
and Black wins.}) 36... Bxc6 $19 {and Black is a piece up for nothing.}) 35.
Qxh6 (35. exd5 {is strongly met by} Rxf3 $1 {[%csl Rg2][%cal Gc6d5]} 36. dxc6 (
{or} 36. Rxf3 Qxf3+ $1 37. Kxf3 Bxd5+ 38. Kg4 Bxh1 39. Kh5 Kh7 $19 {and Black
keeps an extra piece.}) 36... Rxf2+ 37. Bxf2 Qxe6 {with the idea} 38. Qxh6 $2
Nf4+ $19 {[%csl Rh6]}) 35... Qxe6 $6 {Black is still winnning after this move,
but there was no reason to return a piece.} ({After the simple} 35... Ne3+ 36.
Kh2 Qxe6 $19 {White would resign.}) 36. exd5 Bxd5 37. Bxd5 Qxd5+ 38. Kh2 {
White has to be happy to end up only two pawns down, but his position is still
lost.} Qe6 39. Qd2 Ra7 $1 {[%cal Ga7h7]} 40. Qg5 Kg7 $6 (40... Rxa2 41. Qd8+
Kg7 42. Qc7+ Ne7 $19 {wins easily.}) 41. Qd8 Rf7 $2 {Probably Black was in a
severe time-trouble. This is the only explanation for his mistakes.} ({Once
again Black could capture the a-pawn.} 41... Rxa2 42. Qc7+ Ne7 $19) 42. Qxb6 {
White is just one pawn down, but still lost.} Rxf2+ 43. Qxf2 d5 $2 {This is
already a serious mistake.} ({Black had to stop White's counterplay first and
only then to advance his extra pawns.} 43... Qc4 $1 $19) 44. a4 $1 {White gets
a chance.} d4 45. a5 {Now the a-pawn distracts the queen and it's not easy to
keep the pawns.} d3 $1 {The only chance.} ({White's idea could be seen after} 
45... Qc4 46. a6 $1 Qxa6 47. Bxe5+ $1 Nxe5 48. Qxd4 {with a theoretical draw.})
46. Qe3 $6 (46. Kg1 $1 {was much safer.}) 46... e4 $2 {Probably Black was
shocked by his previous mistakes and couldn't play in his full strength
anymore.} (46... Qa2+ $1 {would offer very good chances for a win.} 47. Kh3 d2
48. Qd3 (48. Bxe5+ Kg8 $1 49. Bd6 Qd5 $1 50. Qe8+ Kg7 51. Qd7+ Kf6 $19 {
and Black wins.}) 48... Qxa5 $17) 47. a6 Qa2+ ({Also} 47... Qxa6 48. Qxe4 {
shouldn't be enough for a win.}) 48. Kh3 Qe6+ 49. Kh2 Qa2+ 50. Kh3 d2 51. Qd4+
Kf7 52. a7 e3 53. Qd7+ Ne7 (53... Kg8 $11) 54. Bh4 d1=Q {Black is playing with
fire, but the position remains equal.} (54... Qa3 $11) 55. Qxe7+ Kg6 56. Qf6+
Kh7 57. Qe7+ Kg6 58. Qf6+ Kh7 59. Qe7+ Kg8 60. Qe8+ Kg7 61. Qe7+ Kg6 62. Qf6+ {
Black can't escape checks and so a draw was agreed. A very disappointing draw
for the young Russian. The idea of a6 deserves further tests. It's also clear
that White's play in this game can be improved.} 1/2-1/2